000 01001nas a2200337 4500
001 BR2014002250
003 BR-BrBNA
005 20231205123906.0
007 ta
008 230509b bl.|||p| |||| 00| 00por d
040 _aBR-BrBNA
_bpor
_cBiblioteca Nacional de Agricultura
041 _a(Pt)
072 _aF08
100 1 _aPacheco, L.P.
100 1 _aBarbosa, J.M.
100 1 _aLeandro, W.M.
100 1 _aMachado, P.L.O. de A.
100 1 _aAssis, R.L. de
100 1 _aMadari, B.E.
100 1 _aPetter, F.A.
245 1 _aCiclagem de nutrientes por plantas de cobertura e produtividade de soja e arroz em plantio direto
650 _aSOJA
650 _aARROZ
650 _aPLANTIO DIRETO
650 _aPLANTA DE COBERTURA
650 _aNUTRIENTE
650 _aPRODUTIVIDADE
773 0 _tPesquisa Agropecuária Brasileira (Brazil)
_xISSN 0100-204X
_g(Sep 2013), v. 48(9) p. 1228-1236
_wBR2014002250
909 _a202311
_bLúcia
_c55
_dLúcia Elande
942 _2AGRIS
_n0
_cANA
999 _c236238
_d236238